[Event "BRA-ch Amateur U1600"]
[Site "Sao Paulo"]
[Date "2022.06.18"]
[Round "6"]
[White "Neto, Valdeno Brito"]
[Black "Bookobza, Tomer Lederman"]
[Result "1-0"]
[WhiteElo "1556"]
[BlackElo "1800"]
[PlyCount "44"]
[EventDate "2022.06.16"]
[EventType "swiss"]
[EventRounds "7"]
[EventCountry "BRA"]
[SourceTitle "CBM 208 Extra"]
[Source "ChessBase"]
[SourceDate "2022.07.31"]
[SourceVersion "1"]
[SourceVersionDate "2022.07.31"]
[SourceQuality "1"]

1. e4 c5 2. d4 cxd4 3. Nf3 Nc6 4. c3 Nf6 5. e5 Nd5 6. cxd4 e6 7. a3 d6 8. Be2 dxe5 9. dxe5 Be7 10. 0-0 0-0 11. Re1 Qb6 12. Qa4 Bd7 13. Qe4 Bc5 14. Qh4 Nce7 15. b4 Nxb4 16. axb4 Bxb4 17. Be3 Nf5 18. Bxb6 Nxh4 19. Rd1 Nxf3+ 20. Bxf3 axb6 21. Rxa8 Rxa8 22. Rxd7 Rc8 1-0

[Event "Sao Paulo Schutt Cup"]
[Site "Sao Paulo"]
[Date "2019.09.14"]
[Round "4"]
[White "Lacerda, Vinicius"]
[Black "Neto, Valdeno Brito"]
[Result "1-0"]
[WhiteElo "1818"]
[BlackElo "1554"]
[PlyCount "117"]
[EventDate "2019.09.13"]
[EventType "swiss"]
[EventRounds "6"]
[EventCountry "BRA"]
[SourceTitle "EXT 2020"]
[Source "ChessBase"]
[SourceDate "2019.10.17"]
[SourceVersion "1"]
[SourceVersionDate "2019.10.17"]
[SourceQuality "1"]

1. d4 f5 2. Nf3 Nf6 3. Bg5 d5 4. Nbd2 e6 5. e3 Bd6 6. Ne5 0-0 7. Bd3 Bd7 8. 0-0 Be8 9. c4 c6 10. Qb3 Qb6 11. Bc2 Nbd7 12. Qxb6 axb6 13. cxd5 cxd5 14. Nd3 Nh5 15. f3 h6 16. Bh4 g5 17. Bf2 Ndf6 18. Ne5 Bxe5 19. dxe5 Nd7 20. e4 dxe4 21. fxe4 Nxe5 22. exf5 exf5 23. Bxb6 f4 24. a3 Bc6 25. Bb3+ Kh7 26. Rfe1 Rfe8 27. Ne4 Nd7 28. Bc2 Nxb6 29. Nf6+ Kh8 30. Nxh5 Nc4 31. g3 fxg3 32. Nxg3 Nxb2 33. Nf5 h5 34. Ne7 Nc4 35. Nxc6 bxc6 36. Rxe8+ Rxe8 37. a4 Re5 38. Rc1 Na5 39. Bd1 h4 40. Kf2 Kg7 41. Bf3 c5 42. Be2 Kf6 43. Rc3 Ke6 44. Bb5 Kd6 45. Kf3 Kd5 46. Rd3+ Ke6 47. Rd7 c4 48. Ra7 c3 49. Rxa5 Rd5 50. Ra6+ Ke5 51. Rc6 Kd4 52. Rc4+ Kd3 53. Rc5+ Kd4 54. Rxd5+ Kxd5 55. Bd3 Kc5 56. Kg4 Kb4 57. Bc2 Ka3 58. a5 Kb2 59. Be4 1-0

[Event "Sao Paulo Karman Cup"]
[Site "Sao Paulo"]
[Date "2019.08.18"]
[Round "6"]
[White "Grum, Amanda Soares"]
[Black "Neto, Valdeno Brito"]
[Result "0-1"]
[WhiteElo "1423"]
[BlackElo "1574"]
[PlyCount "88"]
[EventDate "2019.08.16"]
[EventType "swiss"]
[EventRounds "6"]
[EventCountry "BRA"]
[SourceTitle "EXT 2021"]
[Source "ChessBase"]
[SourceDate "2020.10.23"]
[SourceVersion "1"]
[SourceVersionDate "2020.10.23"]
[SourceQuality "1"]

1. e4 Nf6 2. e5 Nd5 3. d4 d6 4. exd6 cxd6 5. Nf3 Bg4 6. Be2 g6 7. 0-0 Bg7 8. Nc3 Nxc3 9. bxc3 Nc6 10. Be3 0-0 11. Qd2 Qa5 12. h3 Bxf3 13. Bxf3 Rac8 14. Rfb1 b6 15. Be2 Nb8 16. Rb3 Rc7 17. Qd3 Rfc8 18. Bd2 Qd5 19. Bf3 Qc4 20. Qe3 e6 21. Rab1 d5 22. Be2 Qc6 23. Bb5 Qd6 24. Qf3 Qd8 25. Bf4 Rb7 26. Re1 Qe7 27. Qg3 Bf8 28. Bg5 Qd6 29. Bf4 Qd8 30. Be5 a6 31. Be2 Ra7 32. Reb1 Nd7 33. Bd6 b5 34. Rd1 Rc6 35. Bf4 Be7 36. Qe3 Nb6 37. Qf3 Ra8 38. Rd3 Nc4 39. Bg3 Bd6 40. Bxd6 Qxd6 41. Qf6 Ra7 42. Rf3 Nd2 43. Ra3 Nxf3+ 44. gxf3 Qxa3 0-1

[Event "Sao Paulo Karman Cup"]
[Site "Sao Paulo"]
[Date "2019.08.17"]
[Round "4"]
[White "Hacker, Lucas Wey"]
[Black "Neto, Valdeno Brito"]
[Result "0-1"]
[WhiteElo "1331"]
[BlackElo "1574"]
[PlyCount "90"]
[EventDate "2019.08.16"]
[EventType "swiss"]
[EventRounds "6"]
[EventCountry "BRA"]
[SourceTitle "EXT 2021"]
[Source "ChessBase"]
[SourceDate "2020.10.23"]
[SourceVersion "1"]
[SourceVersionDate "2020.10.23"]
[SourceQuality "1"]

1. c4 e5 2. Nc3 Nc6 3. g3 g6 4. Bg2 Bg7 5. e3 d6 6. Nge2 Be6 7. d4 Bxc4 8. d5 Bxe2 9. Qxe2 Nce7 10. Qb5+ Kf8 11. 0-0 Qc8 12. Qd3 f5 13. e4 Nf6 14. f4 Kg8 15. fxe5 fxe4 16. Nxe4 Nxe4 17. Bxe4 Bxe5 18. Bh6 Qh3 19. Bg5 Re8 20. Rf3 Qh5 21. Bf6 Bxf6 22. Rxf6 Kg7 23. Qd4 Qe5 24. Qxe5 dxe5 25. Re6 Nf5 26. Rc1 Rxe6 27. dxe6 c6 28. Rf1 Re8 29. g4 Nd6 30. Bc2 Rxe6 31. g5 Re7 32. Rf6 Nb5 33. h4 Rf7 34. Re6 Nd4 35. Bxg6 Nxe6 36. Bxf7 Kxf7 37. Kf2 Kg6 38. Ke3 Kh5 39. Ke4 Kxh4 40. g6 hxg6 41. Kxe5 g5 42. Kxe6 g4 43. b4 g3 44. b5 g2 45. bxc6 bxc6 0-1

[Event "BRA-ch Amateur U1800"]
[Site "Sao Paulo"]
[Date "2019.06.22"]
[Round "5"]
[White "Neto, Valdeno Brito"]
[Black "De Sousa, Alex Aecio"]
[Result "0-1"]
[WhiteElo "1534"]
[BlackElo "1692"]
[PlyCount "39"]
[EventDate "2019.06.20"]
[EventType "swiss"]
[EventRounds "7"]
[EventCountry "BRA"]
[SourceTitle "CBM 195 Extra"]
[Source "ChessBase"]
[SourceDate "2020.05.31"]
[SourceVersion "1"]
[SourceVersionDate "2020.05.31"]
[SourceQuality "1"]

1. e4 c5 2. Nf3 g6 3. d4 cxd4 4. Nxd4 Bg7 5. c4 Nc6 6. Be3 Nf6 7. f3 Qb6 8. Qd2 Nxe4 9. fxe4 Nxd4 10. Nc3 Nc2+ 11. Qxc2 Qxe3+ 12. Be2 Bxc3+ 13. bxc3 0-0 14. Rd1 d6 15. Rf1 Be6 16. Rd4 Rac8 17. Rf3 Qg1+ 18. Bf1 Bxc4 19. e5 Bxf1 20. Rxf1 0-1

[Event "BRA-ch Amateur U1800"]
[Site "Sao Paulo"]
[Date "2019.06.20"]
[Round "2"]
[White "Ferreira, Raphael Suzuki"]
[Black "Neto, Valdeno Brito"]
[Result "0-1"]
[WhiteElo "1663"]
[BlackElo "1534"]
[PlyCount "136"]
[EventDate "2019.06.20"]
[EventType "swiss"]
[EventRounds "7"]
[EventCountry "BRA"]
[SourceTitle "CBM 195 Extra"]
[Source "ChessBase"]
[SourceDate "2020.05.31"]
[SourceVersion "1"]
[SourceVersionDate "2020.05.31"]
[SourceQuality "1"]

1. c4 e5 2. Nc3 Nc6 3. g3 f5 4. d3 Nf6 5. Bg2 Bc5 6. e3 0-0 7. Nge2 d6 8. a3 a5 9. 0-0 Qe8 10. d4 Ba7 11. dxe5 Nxe5 12. b3 Kh8 13. Bb2 Neg4 14. h3 Nxf2 15. Kxf2 Qxe3+ 16. Ke1 Re8 17. Rf3 Qg1+ 18. Bf1 Qh1 19. Qd3 Bd7 20. Kd2 Ne4+ 21. Nxe4 fxe4 22. Qc3 Re7 23. Rf4 Bxh3 24. Bxh3 Qxh3 25. Rh4 e3+ 26. Kc2 Qf5+ 27. Qd3 Qxd3+ 28. Kxd3 Kg8 29. Rah1 g6 30. Bd4 Bxd4 31. Rxd4 Rae8 32. Rf4 Kg7 33. Rhf1 h6 34. Rf6 g5 35. R6f5 b6 36. Rd5 Re6 37. Nd4 Re4 38. Ne2 Kg6 39. Rdf5 R8e7 40. Rf6+ Kg7 41. R6f3 R4e6 42. Nc3 e2 43. Re1 g4 44. Rf2 Re3+ 45. Kd2 Rxg3 46. Rfxe2 Rxe2+ 47. Rxe2 h5 48. Re7+ Kg6 49. Rxc7 h4 50. Rc6 h3 51. Rxd6+ Kf5 52. Ne2 Rxb3 53. Nd4+ Ke5 54. Rd5+ Kf4 55. Rf5+ Ke4 56. Rg5 Kxd4 57. Rxg4+ Kc5 58. Rh4 Rxa3 59. Kc2 Rg3 60. Kb2 Kb4 61. Kc2 Ka3 62. Rh6 Rg2+ 63. Kc3 h2 64. Kd4 a4 65. Kc3 Ka2 66. Rh4 a3 67. Rh3 Kb1 68. Kb4 a2 0-1

[Event "Sao Paulo STD Gansl op"]
[Site "Sao Paulo"]
[Date "2019.05.26"]
[Round "5"]
[White "Neto, Valdeno Brito"]
[Black "Alquem, Claudia Regina"]
[Result "1-0"]
[WhiteElo "1513"]
[BlackElo "1322"]
[PlyCount "49"]
[EventDate "2019.05.24"]
[EventType "swiss"]
[EventRounds "6"]
[EventCountry "BRA"]
[SourceTitle "CBM 190 Extra"]
[Source "ChessBase"]
[SourceDate "2019.07.15"]
[SourceVersion "1"]
[SourceVersionDate "2019.07.15"]
[SourceQuality "1"]

1. f4 d5 2. Nf3 c5 3. e3 e6 4. Bb5+ Bd7 5. Be2 Nc6 6. 0-0 Nf6 7. d3 Bd6 8. Qe1 Qc7 9. Nc3 Nb4 10. Bd1 a6 11. e4 Bxf4 12. Bxf4 Qxf4 13. a3 d4 14. Nxd4 Qc7 15. Nb3 Nc6 16. Nxc5 0-0-0 17. b4 Ne5 18. d4 Neg4 19. e5 h5 20. Bf3 Nd5 21. Bxd5 exd5 22. Nxd5 Qb8 23. Ne7+ Kc7 24. Qc3 Bc6 25. Nxa6+ 1-0

[Event "Sao Paulo STD Gansl op"]
[Site "Sao Paulo"]
[Date "2019.05.25"]
[Round "3"]
[White "Fontella, Amanda Karsburg"]
[Black "Neto, Valdeno Brito"]
[Result "0-1"]
[WhiteElo "1723"]
[BlackElo "1513"]
[PlyCount "56"]
[EventDate "2019.05.24"]
[EventType "swiss"]
[EventRounds "6"]
[EventCountry "BRA"]
[SourceTitle "CBM 190 Extra"]
[Source "ChessBase"]
[SourceDate "2019.07.15"]
[SourceVersion "1"]
[SourceVersionDate "2019.07.15"]
[SourceQuality "1"]

1. e4 Nf6 2. e5 Nd5 3. d4 d6 4. c4 Nb6 5. exd6 cxd6 6. Nc3 g6 7. Be3 Bg7 8. Rc1 0-0 9. b3 Nc6 10. Be2 e5 11. c5 d5 12. Nb5 Nd7 13. dxe5 Ndxe5 14. Nd6 d4 15. Bf4 b6 16. Nxc8 Rxc8 17. cxb6 Qxb6 18. Nf3 Nxf3+ 19. gxf3 Rfe8 20. 0-0 Qa5 21. a4 Qf5 22. Qc2 Rxe2 23. Qxe2 Qxf4 24. Rxc6 Be5 25. Rxc8+ Kg7 26. Qxe5+ Qxe5 27. Rd1 Qd5 28. Rd3 Qf5 0-1

[Event "Sao Paulo STD Gansl op"]
[Site "Sao Paulo"]
[Date "2019.05.24"]
[Round "2"]
[White "Campora, Felipe Marques"]
[Black "Neto, Valdeno Brito"]
[Result "0-1"]
[WhiteElo "1239"]
[BlackElo "1513"]
[PlyCount "106"]
[EventDate "2019.05.24"]
[EventType "swiss"]
[EventRounds "6"]
[EventCountry "BRA"]
[SourceTitle "CBM 190 Extra"]
[Source "ChessBase"]
[SourceDate "2019.07.15"]
[SourceVersion "1"]
[SourceVersionDate "2019.07.15"]
[SourceQuality "1"]

1. Nf3 d5 2. b3 c5 3. Bb2 Nf6 4. e3 Nc6 5. Bb5 Bg4 6. Bxc6+ bxc6 7. d3 e6 8. Nbd2 Bd6 9. h3 Bh5 10. c4 0-0 11. 0-0 Qe7 12. Qc2 e5 13. d4 cxd4 14. exd4 e4 15. Ne5 Bxe5 16. dxe5 Nd7 17. Qc3 Qe6 18. f4 f5 19. cxd5 cxd5 20. Rac1 Be2 21. Rf2 Bd3 22. Ba3 Rfd8 23. Nf1 Nb6 24. Bd6 Rac8 25. Qb2 Rxc1 26. Qxc1 d4 27. Rd2 Rc8 28. Qb2 Qd5 29. Ng3 g6 30. Nf1 Qb5 31. Ng3 Rc3 32. Qa3 a5 33. h4 Nc4 34. Qc5 Qxc5 35. Bxc5 Nxd2 36. Bxd4 Rc2 37. a4 Nxb3 38. Bb6 Ra2 39. h5 Rxa4 40. Nh1 Ra1+ 41. Kh2 a4 42. g4 a3 43. Ng3 fxg4 44. hxg6 hxg6 45. f5 Ra2+ 46. Kg1 Rc2 47. f6 a2 48. Kh1 a1Q+ 49. Bg1 Qd1 50. f7+ Kf8 51. Ne2 Qxe2 52. Bf2 Qxf2 53. e6 Qg2# 0-1

[Event "Sao Paulo STD Gansl op"]
[Site "Sao Paulo"]
[Date "2019.05.24"]
[Round "1"]
[White "Neto, Valdeno Brito"]
[Black "Seccafim, Caic Dos Santos"]
[Result "0-1"]
[WhiteElo "1513"]
[BlackElo "1892"]
[PlyCount "60"]
[EventDate "2019.05.24"]
[EventType "swiss"]
[EventRounds "6"]
[EventCountry "BRA"]
[SourceTitle "CBM 190 Extra"]
[Source "ChessBase"]
[SourceDate "2019.07.15"]
[SourceVersion "1"]
[SourceVersionDate "2019.07.15"]
[SourceQuality "1"]

1. f4 e6 2. Nf3 f5 3. b3 d5 4. e3 Nf6 5. Bb2 Bd6 6. c4 c6 7. Be2 0-0 8. 0-0 Nbd7 9. Nc3 Qe7 10. Qc2 Ne4 11. d3 Nxc3 12. Qxc3 Bc5 13. Qd2 Nf6 14. Ne5 Bd7 15. Rf3 Rad8 16. Rg3 Be8 17. Rh3 Bg6 18. Qe1 d4 19. Qg3 dxe3 20. Nxg6 hxg6 21. Qxg6 Qf7 22. Qg5 Ng4 23. Bxg4 fxg4 24. Qxg4 Rxd3 25. Kh1 Bd4 26. Bxd4 Rxd4 27. Qh4 Qf5 28. Qh8+ Kf7 29. Qh5+ Qxh5 30. Rxh5 e2 0-1

[Event "Sao Paulo Karman Cup"]
[Site "Sao Paulo"]
[Date "2018.08.12"]
[Round "5"]
[White "Venelli, Luiz Gonzaga"]
[Black "Neto, Valdeno Brito"]
[Result "0-1"]
[WhiteElo "1597"]
[BlackElo "1343"]
[PlyCount "82"]
[EventDate "2018.08.10"]
[EventType "swiss"]
[EventRounds "6"]
[EventCountry "BRA"]
[SourceTitle "CBM 186 Extra"]
[Source "ChessBase"]
[SourceDate "2018.08.24"]
[SourceVersion "1"]
[SourceVersionDate "2018.08.24"]
[SourceQuality "1"]

1. e4 Nf6 2. Nc3 e5 3. Nf3 Bb4 4. d3 d5 5. exd5 Nxd5 6. Bd2 Nc6 7. Be2 0-0 8. 0-0 Re8 9. a3 Nxc3 10. bxc3 Bd6 11. Ng5 Bf5 12. Ne4 Bxe4 13. dxe4 Bc5 14. Bc4 Qf6 15. Qe2 Rad8 16. Kh1 Qg6 17. Bd3 Rd6 18. f4 exf4 19. Rxf4 Ne5 20. Rf5 f6 21. Rf4 Red8 22. Rf5 Nxd3 23. cxd3 Rxd3 24. Rd5 R3xd5 25. exd5 Rxd5 26. h3 Re5 27. Qf3 Qe4 28. Qg4 Qxg4 29. hxg4 Be3 30. Be1 Re4 31. Rb1 b6 32. Rb4 Rxb4 33. axb4 Kf7 34. g3 a5 35. c4 a4 36. Bc3 c5 37. Kg2 Bd4 38. Bxd4 cxd4 39. c5 bxc5 40. b5 Ke7 41. b6 Kd7 0-1

[Event "Sao Paulo Karman Cup"]
[Site "Sao Paulo"]
[Date "2018.08.10"]
[Round "1"]
[White "Neto, Valdeno Brito"]
[Black "Parreira, Teodora Ribeiro"]
[Result "0-1"]
[WhiteElo "1343"]
[BlackElo "1621"]
[PlyCount "96"]
[EventDate "2018.08.10"]
[EventType "swiss"]
[EventRounds "6"]
[EventCountry "BRA"]
[SourceTitle "CBM 186 Extra"]
[Source "ChessBase"]
[SourceDate "2018.08.24"]
[SourceVersion "1"]
[SourceVersionDate "2018.08.24"]
[SourceQuality "1"]

1. f4 Nf6 2. Nf3 d5 3. g3 g6 4. Bg2 Bg7 5. 0-0 0-0 6. d3 c6 7. Nc3 Nfd7 8. e4 dxe4 9. dxe4 e5 10. f5 Nc5 11. Be3 Qxd1 12. Raxd1 Nbd7 13. g4 a5 14. g5 Re8 15. f6 Bf8 16. Rf2 h6 17. h4 h5 18. Rfd2 b5 19. Ne2 Nb6 20. Rd8 Bg4 21. Rxa8 Rxa8 22. Ng3 Nc4 23. Bc1 Nd6 24. Re1 Re8 25. b3 Ndb7 26. Bb2 Bd6 27. Kf2 Na6 28. Bf1 Nb4 29. c3 Na6 30. a4 Nc7 31. axb5 cxb5 32. Nd2 Rd8 33. Nf3 Bc5+ 34. Ke2 Ne6 35. Bc1 Bb6 36. Be3 Nf4+ 37. Kf2 Bxe3+ 38. Kxe3 Bxf3 39. Kxf3 b4 40. cxb4 axb4 41. Rc1 Ne6 42. Bc4 Nd4+ 43. Kf2 Na5 44. Rb1 Rc8 45. Rc1 Rc6 46. Rd1 Nxc4 47. bxc4 Rxc4 48. Nf1 Rc2+ 0-1

[Event "Sao Paulo ECP Etapa Sigismund Gansl"]
[Site "Sao Paulo"]
[Date "2018.05.20"]
[Round "6.9"]
[White "Neto, Valdeno Brito"]
[Black "Ferreira, Fernando Goncalves"]
[Result "1-0"]
[WhiteElo "1341"]
[BlackElo "1726"]
[PlyCount "43"]
[EventDate "2018.05.18"]
[EventType "swiss"]
[EventRounds "6"]
[EventCountry "BRA"]
[SourceTitle "EXT 2022"]
[Source "ChessBase"]
[SourceDate "2021.10.06"]
[SourceVersion "1"]
[SourceVersionDate "2021.10.06"]
[SourceQuality "1"]

1. f4 d5 2. Nf3 Nc6 3. e3 Nf6 4. b3 Bf5 5. Bb5 a6 6. Bxc6+ bxc6 7. 0-0 c5 8. Bb2 e6 9. Na3 Be7 10. c4 c6 11. Ne5 Rc8 12. g4 Bg6 13. h4 h5 14. Nxg6 fxg6 15. g5 Ng4 16. Bxg7 Rh7 17. Bb2 Qc7 18. Nc2 Rf7 19. Qe1 Bd6 20. d4 cxd4 21. exd4 Kd7 22. Ne3 1-0

[Event "Sao Paulo Salles Cup 12th"]
[Site "Sao Paulo"]
[Date "2018.04.22"]
[Round "5"]
[White "De Oliveira, Daniel C Xavier"]
[Black "Neto, Valdeno Brito"]
[Result "0-1"]
[WhiteElo "1567"]
[BlackElo "1286"]
[PlyCount "134"]
[EventDate "2018.04.20"]
[EventType "swiss"]
[EventRounds "6"]
[EventCountry "BRA"]
[SourceTitle "CBM 184 Extra"]
[Source "ChessBase"]
[SourceDate "2018.06.28"]
[SourceVersion "1"]
[SourceVersionDate "2018.06.28"]
[SourceQuality "1"]

1. e4 Nf6 2. e5 Nd5 3. d4 d6 4. Nf3 Bg4 5. Be2 g6 6. Ng5 Bxe2 7. Qxe2 dxe5 8. dxe5 e6 9. f4 Bc5 10. Ne4 Nd7 11. Qb5 Bb6 12. c4 c6 13. Nd6+ Kf8 14. Qb3 Nc5 15. Qf3 Nb4 16. Na3 Nbd3+ 17. Ke2 f5 18. Rd1 Nxc1+ 19. Raxc1 Qe7 20. b4 Na6 21. b5 cxb5 22. cxb5 Nc5 23. Nac4 Kg7 24. Nb2 Rhd8 25. Nd3 Nxd3 26. Rxd3 Rd7 27. Rcd1 Rad8 28. Nc8 Rxd3 29. Nxe7 Rxf3 30. gxf3 Re8 31. Rd7 Kf8 32. Nxf5 exf5 33. Rxh7 Re7 34. Rh8+ Kg7 35. Rh3 Rd7 36. Rg3 Rd5 37. h4 Kh6 38. Rg5 Rxb5 39. h5 gxh5 40. Rxf5 Rb2+ 41. Kd3 Rxa2 42. e6 Ra3+ 43. Ke4 h4 44. Rf6+ Kg7 45. Rf7+ Kg6 46. f5+ Kh6 47. Kf4 Bc5 48. e7 Re3 49. f6 Kg6 50. Rf8 Bxe7 51. Rg8+ Kf7 52. Rh8 Bxf6 53. Rh7+ Kg6 54. Rxb7 Bd4 55. Rb4 Bb6 56. Kg4 Rd3 57. Rb5 Rd4+ 58. f4 Bd8 59. Rb7 a5 60. Rb5 a4 61. Kf3 a3 62. f5+ Kf6 63. Ke3 Ra4 64. Rb1 a2 65. Ra1 Kxf5 66. Rf1+ Ke5 67. Ra1 Bf6 0-1

[Event "Sao Paulo Karman Cup 13th"]
[Site "Sao Paulo"]
[Date "2017.11.26"]
[Round "5"]
[White "Neto, Valdeno Brito"]
[Black "Truzzi, Ivan Steiner"]
[Result "0-1"]
[WhiteElo "1272"]
[BlackElo "1690"]
[PlyCount "59"]
[EventDate "2017.11.24"]
[EventType "swiss"]
[EventRounds "6"]
[EventCountry "BRA"]
[SourceTitle "CBM 181 Extra"]
[Source "ChessBase"]
[SourceDate "2017.12.12"]
[SourceVersion "1"]
[SourceVersionDate "2017.12.12"]
[SourceQuality "1"]

1. f4 d5 2. b3 Nf6 3. Bb2 Bf5 4. Nf3 Nbd7 5. e3 c5 6. Bb5 a6 7. Bxd7+ Bxd7 8. a4 e6 9. 0-0 Bd6 10. Na3 0-0 11. c4 Re8 12. Qe1 Bc6 13. Ne5 Nd7 14. Qg3 Nxe5 15. fxe5 Bf8 16. Rf6 dxc4 17. Nxc4 Be4 18. d4 Bg6 19. Rf4 b5 20. Nd2 Qd5 21. Rc1 Rec8 22. e4 Qb7 23. axb5 cxd4 24. Rxc8 Rxc8 25. bxa6 Qxa6 26. Bxd4 Qe2 27. Be3 Rc3 28. Rf3 Bh5 29. Bf4 Bxf3 30. gxf3 0-1

[Event "Sao Paulo Karman Cup 13th"]
[Site "Sao Paulo"]
[Date "2017.11.25"]
[Round "3"]
[White "Machado, Antonio Rodrigo"]
[Black "Neto, Valdeno Brito"]
[Result "1-0"]
[WhiteElo "1656"]
[BlackElo "1272"]
[PlyCount "57"]
[EventDate "2017.11.24"]
[EventType "swiss"]
[EventRounds "6"]
[EventCountry "BRA"]
[SourceTitle "CBM 181 Extra"]
[Source "ChessBase"]
[SourceDate "2017.12.12"]
[SourceVersion "1"]
[SourceVersionDate "2017.12.12"]
[SourceQuality "1"]

1. e4 c5 2. Nf3 d6 3. d4 cxd4 4. Nxd4 g6 5. Be3 Bg7 6. Nc3 Nc6 7. Qd2 Qa5 8. 0-0-0 a6 9. Kb1 Nf6 10. f3 b5 11. Nxc6 Qc7 12. Nb4 0-0 13. Nbd5 Nxd5 14. Nxd5 Qb7 15. Bg5 f6 16. Bh6 Bxh6 17. Qxh6 Be6 18. h4 Rac8 19. Bd3 Rc5 20. Nf4 Bf7 21. h5 g5 22. e5 Bxa2+ 23. Kxa2 Rf7 24. Be4 Qc7 25. Ne6 Qa5+ 26. Kb1 dxe5 27. Bxh7+ Kh8 28. Bf5+ Kg8 29. Qg6+ 1-0

[Event "Sao Paulo Schutt op 14th"]
[Site "Sao Paulo"]
[Date "2017.09.15"]
[Round "1"]
[White "Neto, Valdeno Brito"]
[Black "Borger, Daniel"]
[Result "0-1"]
[WhiteElo "1195"]
[BlackElo "1656"]
[PlyCount "96"]
[EventDate "2017.09.15"]
[EventType "swiss"]
[EventRounds "6"]
[EventCountry "BRA"]
[SourceTitle "CBM 180 Extra"]
[Source "ChessBase"]
[SourceDate "2017.10.06"]
[SourceVersion "1"]
[SourceVersionDate "2017.10.06"]
[SourceQuality "1"]

1. f4 d5 2. b3 Bf5 3. Bb2 Nf6 4. e3 e6 5. Nf3 Nbd7 6. Be2 Bd6 7. 0-0 0-0 8. c4 c6 9. Na3 Qe7 10. Nc2 Rfe8 11. Ne5 Rad8 12. Rc1 Bc7 13. Qe1 h6 14. Qg3 Ne4 15. Qe1 f6 16. Nxd7 Rxd7 17. d3 Nc5 18. Ba3 Bd6 19. d4 Ne4 20. c5 Bb8 21. Nb4 Qf7 22. Nd3 Qg6 23. Nf2 Rde7 24. Qd1 Qh7 25. Nxe4 Bxe4 26. Bf3 e5 27. fxe5 fxe5 28. Bb2 Bd3 29. Be2 Bxe2 30. Qxe2 exd4 31. Bxd4 Be5 32. Qd2 Qe4 33. Rf2 Qh4 34. h3 Bg3 35. Rf3 Re6 36. Rcf1 Rg6 37. Rf7 Re4 38. Rxb7 Be5 39. Rxa7 Qxh3 40. Ra8+ Kh7 41. Rff8 Qh2+ 42. Kf1 Qh1+ 43. Ke2 Rxg2+ 44. Kd3 Rxd2+ 45. Kxd2 Bxd4 46. exd4 Qe1+ 47. Kc2 Re2+ 48. Kd3 Qd2# 0-1